000 00671nam a2200193 i 4500
001 37134
003 ES-MaACL
005 20250808070306.0
007 t|
008 030220s1937 gw ||||1| ger d
080 _a929 Richelieu, Armand-Jean du Plessis. Cardinal de
100 1 _aBurckhardt, Carl Jacob,
_d1891-1974
_932583
245 1 0 _aRichelieu der aufstieg zur macht /
_cCarl J. Burckhardt.
260 _aMünchen :
_b[s.n.],
_c1937 (
_fKastner und Callwey)
300 _a543 p. :
_b1 retr., 1 map. ;
_c23 cm.
600 1 4 _aRichelieu, Armand Jean du Plessis,
_cduc de,
_d1585-1642
_996947
852 _aES-MaACL
_jA-5234
_bR.18093
999 _c37134
_d37134